Normal view
MARC view
Entry Topical Term
001 - CONTROL NUMBER
- control field: 755276
003 - CONTROL NUMBER IDENTIFIER
- control field: OSt
005 - DATE AND TIME OF LATEST TRANSACTION
- control field: 20250507130351.0
008 - FIXED-LENGTH DATA ELEMENTS
- fixed length control field: 250507|| aca||aabn | a|a d
040 ## - CATALOGING SOURCE
- Original cataloging agency: OSt
- Transcribing agency: OSt
150 ## - HEADING--TOPICAL TERM
- Topical term or geographic name entry element: Buddhist nuns -Taiwan; Buddhist nuns -Sri Lanka; Women in Buddism -Taiwan; Gen
670 ## - SOURCE DATA FOUND
- Source citation: Work cat.: (OSt)1319273: Cheng Wei-Yi 665373, Buddhist Nuns in Taiwan and Sri Lanka: A critique of the feminist perspective, 2007
